[Event "?"]
[Site "?"]
[Date "2000.08.21"]
[Round "3"]
[White "Kohlbauer, Josef"]
[Black "Grundner, Alois"]
[Result "0-1"]
[WhiteElo "1704"]
[BlackElo "1873"]
[Annotator "Fritz 5.00 (30s)"]
[PlyCount "108"]
[EventDate "2000.??.??"]

1. e4 c5 {Opening = B50 - Sizilianisch-Verschiedenes mit 2...d6 /
Sicilian-Various 2...d6} 2. Nf3 d6 3. b3 Nf6 4. Nc3 g6 {aus dem Buch} 5. Bb2
Bg7 6. Be2 $17 (6. Nd5 $142 $5 $11 {muß erwogen werden}) 6... Nxe4 7. Na4 O-O
8. Bxg7 Kxg7 9. O-O Nc6 10. d3 Nf6 11. Qd2 b6 12. Nh4 Nd4 13. Bd1 Bb7 14. c3
Ne6 15. Nf3 d5 16. Re1 d4 17. Ng5 Nxg5 18. Qxg5 e6 19. Rc1 dxc3 20. Rxc3 $2 $19
(20. Qg3 $142 $5 $17) 20... Nd5 21. Qxd8 Raxd8 22. Rc2 (22. Rc4 Nb4 23. Nb2
Nxd3 24. Nxd3 Rxd3 $19) 22... Nb4 23. Rd2 (23. a3 Nxc2 24. Bxc2 h5 $19) 23...
Rxd3 (23... Nxd3 $142 $5 {läßt dem Gegner kaum Chancen} 24. Rf1 Nf4 25. Rxd8
Rxd8 26. Bg4 Bxg2 27. Rd1 $19) 24. Rxd3 Nxd3 25. Re3 Rd8 26. Nc3 Nf4 27. f3 (
27. Bf3 Bxf3 28. Rxf3 Ne2+ 29. Kf1 Nxc3 30. Rxc3 Rd2 $19) 27... Rd2 28. Be2
Nxe2+ (28... Nd5 $5 {und Schwarz hätte es noch leichter} 29. Nxd5 Bxd5 30. a4
$19) 29. Rxe2 Rxe2 30. Nxe2 c4 31. b4 b5 32. Kf2 e5 33. Nc3 Bc6 34. Ke3 Kf6 35.
a3 Ke6 36. g4 f5 37. h3 h5 38. gxh5 gxh5 39. h4 (39. f4 h4 $19) 39... f4+ 40.
Kf2 Kf5 {[%cal Ye5e4] Schwarz plant e4} 41. Ne2 a6 42. Kg2 (42. Nc3 {kann das
Vorangegangene nicht ungeschehen machen} e4 43. fxe4+ Bxe4 $19) 42... Bb7 43.
Nc3 e4 44. fxe4+ Bxe4+ 45. Kf2 Bb7 46. a4 Bc6 (46... bxa4 {gibt noch größeren
Vorteil} 47. Nxa4 Kg4 48. Nc3 $19) 47. axb5 axb5 ({Jedoch nicht} 47... Bxb5 48.
Ne2 $19) 48. Ke2 Kg4 49. Kf2 Kxh4 50. Ne2 Kg4 51. Nd4 Bd7 (51... Be4 52. Nxb5
h4 53. Nc3 $19) 52. Kg2 (52. Nf3 {macht keinen großen Unterschied} c3 $19)
52... h4 53. Kf2 h3 54. Nf3 Kf5 (54... Kf5 55. Nh2 Bc6 $19) (54... Bf5 $5 {
erleichterte Schwarz die Gewinnführung} 55. Nh2+ Kh5 56. Nf1 $19) 0-1

[Event "LLA (Mattgh.)"]
[Site "?"]
[Date "1999.03.13"]
[Round "9"]
[White "Waldner, Alois"]
[Black "Grundner, Alois"]
[Result "1/2-1/2"]
[WhiteElo "1900"]
[BlackElo "1899"]
[Annotator "Grundner,A"]
[PlyCount "71"]

1. e4 c5 {aus dem Buch} 2. Nf3 d6 3. c3 Nf6 4. Bd3 Nc6 5. h3 g6 6. O-O Bg7 7.
Re1 Nd7 8. Bf1 Qb6 9. Na3 Nde5 10. Nxe5 dxe5 11. Nc4 Qc7 12. Ne3 e6 13. a3 a5
14. a4 O-O 15. Qb3 Bd7 16. Bc4 Ne7 17. d3 Nc8 18. Bb5 Rd8 19. Bxd7 Rxd7 20. Rd1
Nd6 21. Nc4 Ra6 22. Be3 Rc6 23. Kf1 Nxc4 24. dxc4 ({-0.09 Fritz 5.00:} 24. Qxc4
Bh8 25. b3 Rd8 26. Kg1 Qd6 {[%eval 56,6]}) 24... Rcd6 25. Ke2 b6 26. Rxd6 Qxd6
27. Rd1 Qxd1+ 28. Qxd1 Rxd1 29. Kxd1 Bf6 30. Ke2 Be7 31. f3 f5 32. Bf2 Kf7 33.
Kd3 h5 34. g3 g5 35. g4 Kg6 36. Ke2 1/2-1/2

[Event "Pinzg.MS"]
[Site "?"]
[Date "1999.12.03"]
[Round "6"]
[White "Stadlober, Gerald"]
[Black "Grundner, Alois"]
[Result "1/2-1/2"]
[WhiteElo "1900"]
[BlackElo "1922"]
[Annotator "Fritz 5.00 (51s)"]
[PlyCount "61"]

1. e4 c5 {Opening = Sizilianisch. aus dem Buch} 2. Nf3 d6 {Befestigt e5} 3. d4
cxd4 4. c3 $15 (4. Nxd4 $5 g6 5. Nc3 $11) 4... dxc3 5. Nxc3 Nc6 6. Bc4 Nf6 7.
e5 dxe5 $11 (7... Ng4 8. exd6 exd6 9. O-O $15) 8. Qxd8+ Nxd8 9. Nxe5 $15 (9.
Nb5 $142 $5 {muß erwogen werden} Rb8 10. Nxe5 $14) 9... e6 {Überdeckt d5} 10.
Bb5+ Bd7 11. O-O Bxb5 12. Nxb5 Nd5 13. Rd1 Nc6 14. Rxd5 {Weiß verhindert die
lange Rochade. Droht Matt: Sc7} exd5 15. Nc7+ Kd8 16. Nxf7+ $19 (16. Nxa8 Nxe5
17. Be3 Bd6 18. Bxa7 Ke7 $19) 16... Kxc7 17. Nxh8 Bc5 18. Nf7 Bxf2+ $17 (18...
Rf8 19. Ng5 Bxf2+ 20. Kh1 $19) 19. Kxf2 Rf8 20. g4 Rxf7+ 21. Kg3 Nd4 22. Bf4+
Kd7 23. Be5 Ne2+ 24. Kg2 Nf4+ 25. Kg3 g5 26. Rf1 Ne2+ 27. Kg2 Rxf1 28. Kxf1 Ke6
29. Bb8 Nc1 30. Bxa7 Nxa2 31. Be3 1/2-1/2

[Event "Lienz Open"]
[Site "?"]
[Date "1999.02.08"]
[Round "4"]
[White "Vergeiner, Franz"]
[Black "Grundner, Alois"]
[Result "1/2-1/2"]
[WhiteElo "2133"]
[BlackElo "1899"]
[Annotator "Grundner,A"]
[PlyCount "53"]

1. e4 c5 {aus dem Buch} 2. Nf3 d6 3. d4 cxd4 4. Nxd4 Nf6 5. f3 g6 6. c4 Bg7 7.
Nc3 O-O 8. Be3 b6 9. Be2 Bb7 10. O-O Nbd7 11. Rc1 Rc8 12. b3 a6 13. Qe1 e6 14.
Qf2 Qe7 15. Rfd1 d5 ({1.03 Fritz 5.00:} 15... Ne5 16. Qh4 Rfe8 17. a3 Nd5 18.
Bg5 f6 19. Nxd5 Bxd5 {[%eval 31,7]}) 16. exd5 exd5 17. cxd5 Rxc3 18. Rxc3 Nxd5
19. Rcd3 Nc5 20. Nf5 gxf5 21. Rxd5 Bxd5 22. Rxd5 Re8 23. Bxc5 bxc5 24. Bxa6 Bd4
25. Rxd4 cxd4 26. Qxd4 Ra8 27. Bf1 1/2-1/2

[Event "Pzg. MS"]
[Site "?"]
[Date "1998.??.??"]
[Round "7"]
[White "Mooslechner, Peter"]
[Black "Grundner, Alois"]
[Result "1/2-1/2"]
[WhiteElo "1866"]
[BlackElo "1903"]
[PlyCount "43"]
[EventDate "1998.??.??"]

1. e4 c5 {Opening = B90 - Sizilianisch-Najdorf Var, Abweich /Sicilian-Najdorf
Var, devia. aus dem Buch} 2. Nf3 d6 {Befestigt e5} 3. d4 cxd4 4. Nxd4 Nf6 5.
Nc3 a6 {Sichert b5} 6. Bd3 g6 {Überdeckt f5} 7. Bg5 Bg7 {Schwarz muß dringend
die Entwicklung vorantreiben.} 8. Qd2 Nbd7 9. f3 {Stärkt g4} Ne5 10. Be2 Bd7
11. Rd1 Rc8 12. Nd5 O-O $14 (12... Nxd5 13. exd5 h6 14. Be3 $11) 13. Nxf6+ exf6
14. Bf4 Qc7 15. O-O Rfd8 16. Kh1 Kh8 17. b3 {Kontrolliert a4+c4} Be6 18. c4 Rd7
19. Qb4 Rcd8 20. Be3 Nc6 21. Qa3 Ne7 22. Bd3 1/2-1/2

[Event "Schwarzach Open"]
[Site "?"]
[Date "1999.08.26"]
[Round "6"]
[White "Berger, Stefan"]
[Black "Grundner, Alois"]
[Result "1-0"]
[WhiteElo "1764"]
[BlackElo "1922"]
[Annotator "Grundner,A"]
[PlyCount "91"]
[EventDate "2000.??.??"]

1. e4 c5 2. Nf3 d6 3. d4 cxd4 4. Nxd4 Nf6 5. Nc3 a6 6. Bg5 e6 7. f4 Be7 8. Qf3
Nbd7 9. O-O-O Qc7 10. g4 b5 11. a3 Bb7 12. Bd3 O-O 13. h4 Nc5 14. h5 Nxd3+ 15.
Rxd3 h6 16. Bh4 Nxe4 17. Nxe4 Bxh4 18. Rxh4 Qe7 19. g5 hxg5 20. fxg5 Bxe4 21.
Qxe4 Qxg5+ 22. Kd1 d5 23. Qg4 Qxg4+ 24. Rxg4 Kh7 25. Rdg3 Rg8 26. Kd2 Rac8 27.
Rc3 Rge8 28. Rc6 Rxc6 29. Nxc6 e5 30. c3 Kh6 31. Ke3 Re6 32. Nb4 Rd6 33. Rg2 f5
34. Nc2 f4+ 35. Kf3 Rf6 36. Rg6+ Rxg6 37. hxg6 Kxg6 38. Kg4 Kf6 39. Nb4 Ke6 40.
Nxa6 g5 41. Nc7+ Kd6 42. Nxb5+ Kc5 43. Nc7 Kd6 44. Ne8+ Kc6 45. Ng7 Kb5 46. Ne6
1-0

[Event "Schwarzach Open"]
[Site "?"]
[Date "2000.08.26"]
[Round "8"]
[White "Grundner, Alois"]
[Black "Mooslechner, Peter"]
[Result "1-0"]
[WhiteElo "1873"]
[BlackElo "1956"]
[Annotator "Fritz 5.00 (30s)"]
[PlyCount "31"]
[EventDate "2000.??.??"]

1. d4 Nf6 {Opening = C01 - Französische Vert-Abtauschvariante /French
Def-Exchange Variat} 2. c4 e5 3. e3 exd4 4. exd4 d5 5. Nf3 Bb4+ 6. Nc3 O-O 7.
Be2 dxc4 8. O-O {aus dem Buch} Bxc3 9. bxc3 {Weiß erlangt Initiative} b5 10. a4
c6 11. Ne5 $17 (11. Bg5 Qd6 $15) 11... Bb7 $11 (11... Nd5 $142 $5 12. Qc2 Re8
13. axb5 cxb5 $17) 12. Bf3 $15 (12. Rb1 Ne4 13. Qe1 Qd5 $11) 12... Nd5 13. Qc2
Na6 $11 (13... f6 $142 $5 {sieht spielbar aus} 14. Ng4 Re8 $15) 14. Be4 h6 {
Verwehrt dem Gegner g5} 15. Ba3 Re8 $4 (15... b4 $142 {bringt noch Rettung} 16.
cxb4 Naxb4 17. Bxb4 Nxb4 18. Qxc4 Qd6 $11) 16. Bh7+ (16. Bh7+ Kh8 17. Nxf7#)
1-0

[Event "Lienz Open"]
[Site "?"]
[Date "1999.02.12"]
[Round "8"]
[White "Lehner, Erich"]
[Black "Grundner, Alois"]
[Result "0-1"]
[WhiteElo "2097"]
[BlackElo "1896"]
[Annotator "Grundner,A"]
[PlyCount "50"]

1. d4 Nf6 2. Nc3 d5 3. Bg5 Nbd7 4. e3 e6 5. Nf3 Be7 6. Bd3 c5 7. dxc5 Nxc5 8.
O-O O-O 9. Ne2 b6 10. Nf4 Nxd3 11. cxd3 Bb7 12. Ne5 Nd7 13. Nxd7 Qxd7 14. Bxe7
Qxe7 15. Qg4 e5 16. Nh5 f5 17. Qh3 Rac8 18. f4 d4 19. Rac1 g6 20. Ng3 dxe3 21.
Ne2 exf4 22. Rce1 g5 23. Qh6 Rc6 24. Qh5 Qg7 25. Nc3 g4 0-1

[Event "LL A"]
[Site "?"]
[Date "1999.10.02"]
[Round "1"]
[White "Lupert, Rudolf"]
[Black "Grundner, Alois"]
[Result "1/2-1/2"]
[WhiteElo "1855"]
[BlackElo "1922"]
[Annotator "Fritz 5.00 (20s)"]
[PlyCount "52"]

1. Nf3 d5 {Opening = D02_12 Damenbauernspiele 3.Bf4 / Queen Pawn's 3.Bf4} 2. d4
Nf6 3. Bf4 e6 {aus dem Buch} 4. e3 c5 5. Bb5+ Bd7 6. Bxd7+ Nbxd7 7. c3 Be7 8.
O-O O-O 9. Nbd2 Nh5 10. Bg3 Nxg3 11. hxg3 Bf6 12. Nb3 Rc8 13. Rc1 Qe7 14. Re1
Rfd8 15. Re2 Qd6 16. Rcc2 b5 17. a3 Qb6 18. Qc1 a5 19. dxc5 Nxc5 20. Nxc5 Qxc5
21. Nd4 Rc7 22. Qd1 Rdc8 23. Qd3 Qc4 24. Qxc4 bxc4 (24... Rxc4 $143 25. Nxb5
Rb8 26. Nd4 $14) 25. Nb5 Rd7 26. a4 h6 1/2-1/2

[Event "Schwarzach Open"]
[Site "?"]
[Date "2000.08.23"]
[Round "5"]
[White "Huber, David"]
[Black "Grundner, Alois"]
[Result "0-1"]
[WhiteElo "1743"]
[BlackElo "1873"]
[Annotator "Fritz 5.00 (30s)"]
[PlyCount "70"]
[EventDate "2000.??.??"]

1. d4 Nf6 {Opening = D05 - Damenbauernspiele-Colle Aufbau /Queen Pawn's
Open-Colle System} 2. Nf3 e6 3. e3 c5 4. Bd3 d5 5. b3 Nc6 6. Bb2 Bd6 7. Nbd2
O-O 8. Ne5 {aus dem Buch} Qc7 $14 (8... cxd4 $5 9. exd4 Qc7 10. Nxc6 bxc6 $11)
9. f4 $15 (9. Nxc6 $142 $5 {muß erwogen werden} bxc6 10. dxc5 $16) 9... cxd4
10. exd4 Nb4 11. Ndf3 $17 (11. O-O Nxd3 12. cxd3 Bd7 $15) 11... Nxd3+ 12. Qxd3
$17 (12. Nxd3 Ne4 $15) 12... Ne4 13. O-O f6 14. Ng4 Bxf4 15. Nf2 Ng5 16. h3 Bd7
17. Nxg5 {Es droht Matt} Bxg5 18. g3 $2 $19 (18. Bc1 $142 Bh4 19. c4 $17) 18...
Bb5 $1 {weise Rückgabe des Materials} 19. c4 (19. Qxb5 {wird schließlich Matt}
Qxg3+ 20. Kh1 Bf4 21. Ng4 Qxh3+ 22. Kg1 Qxg4+ 23. Kf2 Qg3+ 24. Ke2 Qe3+ 25. Kd1
Qd2#) 19... dxc4 20. bxc4 (20. Qf3 Bc6 21. Qg4 Bd5 $19) 20... Qxc4 (20... Bxc4
$5 {wäre im Gewinnsinne präziser} 21. Qf3 Bxf1 22. Rxf1 $19) 21. Qe4 (21. Qxc4
Bxc4 22. Rfe1 f5 $19) 21... Bc6 22. d5 Qxe4 {Droht Matt} 23. Nxe4 Be3+ ({
Schwächer scheint} 23... exd5 24. Nxg5 fxg5 25. Bd4 $19) 24. Kh2 Bxd5 25. Nc3
Bc4 26. Rfe1 Bd4 27. Na4 Bxb2 28. Nxb2 Bd5 29. Nd3 e5 30. Red1 Rfd8 31. Nb4 (
31. Ne1 {ändert nichts am Ausgang der Partie} Rac8 $19) 31... Bf3 32. Rdc1 (32.
Rd3 {ändert nichts mehr} Be4 33. Re3 Rd2+ 34. Kg1 f5 $19) 32... Rd2+ 33. Kg1
Rad8 34. g4 (34. Rc3 {ist noch eine Idee} Rg2+ 35. Kf1 $19) 34... a5 (34...
Rg2+ $142 {gibt noch größeren Vorteil} 35. Kf1 Rdd2 36. Rc2 Rgf2+ 37. Kg1 Rxc2
38. Nxc2 Rg2+ 39. Kf1 Rxc2 40. a3 Bg2+ 41. Ke1 Bxh3 42. Rb1 $19) 35. Nc2 (35.
Rc3 {hilft allerdings auch nicht} Rg2+ 36. Kf1 e4 $19) 35... Rg2+ (35... Rg2+
36. Kf1 Rdd2 37. Nd4 exd4 38. Rc8+ Kf7 39. Rc7+ Kg6 40. Rxg7+ Kxg7 41. Rc1 Rh2
42. Rc7+ Kg6 43. Rg7+ Kxg7 44. a4 Rd1#) 0-1

[Event "Lienz Open"]
[Site "?"]
[Date "1999.02.06"]
[Round "1"]
[White "Grundner, Alois"]
[Black "Berger, Sandra"]
[Result "1-0"]
[WhiteElo "1899"]
[BlackElo "1391"]
[Annotator "Grundner,A"]
[PlyCount "91"]

1. d4 d5 2. c4 {aus dem Buch} Nf6 3. Nc3 Bf5 ({0.94 Fritz 5.00:} 3... dxc4 4.
Qa4+ c6 5. Qxc4 Bf5 6. Nf3 e6 7. Bf4 Be7 {[%eval 3,8]}) 4. Nf3 ({0.09 Fritz 5.
00:} 4. Qb3 b6 5. cxd5 c6 6. dxc6 Nxc6 7. Qb5 Qd7 {[%eval 84,7]}) 4... Nc6 5.
Bg5 dxc4 6. e3 Qd7 7. Bxc4 e6 8. O-O Be7 9. Bb5 a6 ({1.59 Fritz 5.00:} 9... O-O
10. Qa4 a6 11. Bxc6 Qxc6 12. Qxc6 bxc6 13. e4 Bg4 {[%eval 56,7]}) 10. Ne5 Qd6
11. Qa4 O-O 12. Bxc6 bxc6 13. Qxc6 Rab8 14. Qxd6 cxd6 ({2.50 Fritz 5.00:} 14...
Bxd6 15. Bxf6 gxf6 16. Nd7 Rxb2 17. Nd1 Rd2 18. Nxf8 Bxf8 {[%eval 150,6]}) 15.
Bxf6 ({0.34 Fritz 5.00:} 15. Nc6 Rbe8 16. e4 Bg6 17. Nxe7+ Rxe7 18. e5 Rb7 19.
exf6 Rxb2 {[%eval 269,9]}) 15... dxe5 ({3.84 Fritz 5.00:} 15... Bxf6 {[%eval
66,6]}) 16. Bxe7 Rfc8 17. Bd6 Rxb2 18. Na4 Rb5 19. Rfc1 Rd8 20. dxe5 f6 21. Be7
Re8 22. exf6 gxf6 23. Bxf6 Kf7 24. Bd4 Rg8 25. Nc3 Rb2 26. e4 Bh3 27. g3 Rd8
28. Nd1 Re2 29. Nc3 ({0.00 Fritz 5.00:} 29. Rc7+ Kg6 30. Nc3 Rd2 31. Be3 Rb2
32. Rc1 Rdb8 {[%eval 484,7]}) 29... Rd2 ({4.91 Fritz 5.00:} 29... Rb2 {[%eval
0,6]}) 30. Be3 R2d3 31. Rd1 Bg4 32. Rxd3 Rxd3 33. Rc1 Bh3 34. Ne2 Ra3 35. Nf4
Bg4 36. Kg2 e5 37. Nd5 Rxa2 38. h3 ({4.22 Fritz 5.00:} 38. Rc7+ Kg6 39. Ne7+
Kf6 40. Ng8+ Kg6 41. Bh6 Kh5 42. Rg7 Bh3+ {[%eval 641,8]}) 38... Be6 39. Rc7+
Kg6 40. Re7 Bxd5 41. exd5 e4 ({7.38 Fritz 5.00:} 41... Kf6 42. Re6+ Kf7 43. Kf3
a5 {[%eval 553,8]}) 42. d6 a5 ({12.78 Fritz 5.00:} 42... Ra5 43. d7 Rd5 44. Bb6
h5 45. d8=Q {[%eval 756,9]}) 43. d7 a4 44. d8=Q a3 45. Qg8+ Kf6 46. Qg5# 1-0

[Event "Schwarzach Open"]
[Site "?"]
[Date "2000.08.24"]
[Round "6"]
[White "Grundner, Alois"]
[Black "Mroz, Thomas"]
[Result "1/2-1/2"]
[WhiteElo "1873"]
[BlackElo "1826"]
[Annotator "Fritz 5.00 (30s)"]
[PlyCount "41"]
[EventDate "2000.??.??"]

1. d4 d5 {Opening = D19 - Damengambit-Slawisch Hauptvar /Queen's Gambit-Slav
main line} 2. c4 c6 3. Nc3 Nf6 4. Nf3 dxc4 5. a4 Bf5 6. e3 e6 7. Bxc4 Bb4 8.
O-O O-O 9. Qe2 Nbd7 10. Nd2 {aus dem Buch} e5 11. dxe5 Nxe5 12. e4 Bg4 13. f3
Qd4+ 14. Kh1 Bh5 ({Dagegen} 14... Bxc3 15. bxc3 Qxc3 16. Ra3 $16) (14... Nxc4
$6 15. Nxc4 Be6 16. Ne3 $15) 15. Ba2 Qd3 $11 (15... Bxc3 16. Nb3 Qxe4 17. Qxe4
(17. fxe4 $2 Bxe2 18. Rf2 Rad8 $19 (18... Nxe4 $6 {ist deutlich schlechter} 19.
Rxe2 Rfd8 20. Be3 $17)) 17... Nxe4 18. fxe4 $15) 16. Bc4 (16. Nc4 Qxe2 17. Nxe2
Nd3 $11) 16... Qxe2 17. Bxe2 Rfd8 18. Nc4 Nxc4 19. Bxc4 Nd7 20. Bg5 Re8 21.
Rad1 1/2-1/2

[Event "Schwarzach Open"]
[Site "?"]
[Date "1999.08.29"]
[Round "9"]
[White "Wersching, Alfred"]
[Black "Grundner, Alois"]
[Result "1-0"]
[WhiteElo "2083"]
[BlackElo "1922"]
[Annotator "Grundner,A"]
[PlyCount "123"]
[EventDate "2000.??.??"]

1. d4 Nf6 2. c4 e6 3. Nf3 d5 4. cxd5 {aus dem Buch} exd5 5. Bg5 Be7 6. e3 O-O
7. Bd3 Ne4 8. Bf4 c6 9. Nc3 f5 10. Qb3 Qb6 11. Qc2 Be6 12. h4 Nd7 13. Ne5 Rad8
14. f3 Nd6 15. a3 c5 16. Nxd7 Rxd7 17. dxc5 Qxc5 18. b4 Qc8 19. Rc1 Rc7 20. O-O
Rd8 ({1.25 Fritz 5.00:} 20... Qd7 21. Qa4 Qxa4 22. Nxa4 Rxc1 23. Rxc1 Nc4 24.
Nc5 Bxc5 25. Bxc4 {[%eval -6,7]}) 21. Qd2 ({-0.47 Fritz 5.00:} 21. Nxd5 Rxc2
22. Nxe7+ Kh8 23. Nxc8 Rcxc8 24. Rxc8 Bxc8 25. e4 {[%eval 131,7]}) 21... Bxh4
22. Ne2 Rxc1 23. Rxc1 Nc4 24. Qa2 Bf6 25. e4 b5 26. e5 Be7 27. Nd4 Qd7 28. a4
a6 29. axb5 axb5 30. Qa6 Kf7 31. Ra1 Rb8 ({0.09 Fritz 5.00:} 31... Bxb4 32.
Nxe6 Qxe6 33. Qxe6+ Kxe6 34. Ra6+ Kf7 35. e6+ Kg8 36. Bxf5 {[%eval -75,7]}) 32.
Qc6 ({-0.75 Fritz 5.00:} 32. Bxf5 Bxf5 33. e6+ Bxe6 34. Bxb8 Bxb4 35. Nxe6 Qxe6
{[%eval 31,7]}) 32... Rb7 33. Ra6 Qxc6 34. Rxc6 Rb6 35. Rc7 h6 36. Bxf5 Bxf5
37. Nxf5 Re6 38. Nd4 Rb6 39. Nc6 Rxc6 40. Rxc6 Bxb4 41. Kf1 Bc3 42. Rc5 b4 43.
Ke2 ({-0.19 Fritz 5.00:} 43. Rxd5 b3 44. Rd7+ Ke6 45. Rxg7 Bxe5 46. Bxe5 Kxe5
47. Rd7 {[%eval 94,7]}) 43... b3 44. Rb5 b2 45. Kd3 Bxe5 46. Bxe5 Nxe5+ 47. Kd4
Nc4 48. Kxd5 Ne3+ 49. Ke4 Nxg2 50. Rxb2 Nh4 51. Rb6 Ng6 52. Ra6 Nf8 53. Kf5 g6+
54. Ke4 Ne6 ({1.72 Fritz 5.00:} 54... Ke7 55. Kf4 Ne6+ 56. Ke5 Nf8 57. Kd5 {
[%eval 72,7]}) 55. Ke5 Nc5 56. Ra7+ Ke8 57. Kd6 Nd3 58. Rh7 h5 59. Ke6 Kf8 60.
Kf6 Ke8 61. Re7+ Kf8 62. Rd7 1-0

[Event "Schwarzach Open"]
[Site "?"]
[Date "1999.08.25"]
[Round "5"]
[White "Grundner, Alois"]
[Black "Herndl, Gerald"]
[Result "0-1"]
[WhiteElo "1922"]
[BlackElo "2097"]
[Annotator "Grundner,A"]
[PlyCount "34"]
[EventDate "2000.??.??"]

1. d4 d5 2. Nf3 e6 3. c4 c6 4. Nc3 f5 5. e3 Nf6 6. cxd5 cxd5 7. Bb5+ Nc6 8. Ne5
Bd7 9. Nxd7 Qxd7 10. O-O Bd6 11. Qe2 O-O 12. b3 Qc7 13. Bxc6 Bxh2+ 14. Kh1 Qxc6
15. Nxd5 exd5 16. Kxh2 Ng4+ 17. Kg1 Qh6 0-1

[Event "Pzg. MS"]
[Site "?"]
[Date "1998.10.30"]
[Round "2"]
[White "Ellmauer, Klaus"]
[Black "Grundner, Alois"]
[Result "1/2-1/2"]
[WhiteElo "1800"]
[BlackElo "1900"]
[Annotator "Fritz 5.00 (5s)"]
[PlyCount "64"]
[EventDate "1998.??.??"]

1. c4 Nf6 {Opening = D35 - Damengambit-Abtauschvariante /Queen's
Gambit-Exchange Variat} 2. Nc3 e6 3. d4 d5 4. Nf3 Be7 5. cxd5 exd5 6. e3 O-O 7.
Bd3 b6 8. O-O Bb7 9. Qc2 Nbd7 10. b3 c5 11. Qe2 Ne4 12. Bb2 Rc8 13. Ba6 Qc7 14.
dxc5 Ndxc5 15. Bxb7 Qxb7 16. Nb5 a6 17. Nbd4 Bf6 18. Rac1 b5 19. Rc2 Rc7 20.
Rfc1 Rfc8 21. Ne1 Ne6 22. Nxe6 Rxc2 23. Rxc2 Bxb2 24. Rxc8+ Qxc8 25. Nf4 Be5
26. Nxd5 Qc1 27. f3 Bc3 28. Kf1 Nd2+ 29. Kf2 Nb1 30. Nxc3 Nxc3 31. Qd3 h6 32.
Qd8+ Kh7 1/2-1/2

[Event "Schwarzach Open"]
[Site "?"]
[Date "2000.08.19"]
[Round "1"]
[White "Nussbaumer, Florian"]
[Black "Grundner, Alois"]
[Result "1/2-1/2"]
[WhiteElo "1800"]
[BlackElo "1873"]
[Annotator "Fritz 5.00 (30s)"]
[PlyCount "59"]
[EventDate "2000.??.??"]

1. d4 Nf6 {Opening = D35 - Damengambit-Abtauschvariante /Queen's
Gambit-Exchange Variat} 2. c4 e6 3. Nc3 d5 4. cxd5 exd5 5. Bg5 Nbd7 6. e3 c6 {
Stärkt b5} 7. Bd3 h6 8. Bh4 Be7 9. Nge2 O-O 10. Qc2 c5 11. f3 {Befestigt e4+g4}
Re8 12. Bf2 c4 {Raumvorteil} 13. Bf5 Nf8 14. g4 $15 (14. Bxc8 Rxc8 15. e4 Ng6
$11) 14... Ne6 $14 (14... Bxf5 $142 $5 {kommt in Betracht} 15. gxf5 Qa5 $11)
15. O-O-O $11 (15. h4 Nc7 16. Bxc8 Rxc8 $16) 15... Ng5 $14 (15... Nc7 16. Bxc8
Rxc8 17. h4 $14) 16. Ng1 $11 (16. Bxc8 $5 {muß erwogen werden} Qxc8 17. h4 Nxf3
18. g5 hxg5 19. hxg5 Nxg5 20. Bh4 $14) 16... a6 $16 {Deckt b5} (16... Bxf5 $142
$5 {muß geprüft werden} 17. Qxf5 g6 $11) 17. h4 $14 (17. Bxc8 Rxc8 (17... Qxc8
18. h4 Nxf3 19. Nxf3 Qxg4 20. Ne5 $16) 18. h4 Ne6 $18) 17... Bxf5 18. gxf5 $11
(18. Qxf5 g6 19. Qc2 Ne6 $14) 18... Ngh7 19. Nge2 $17 (19. e4 $5 {kam sehr in
Betracht} b5 20. e5 $11) 19... b5 20. Rdg1 Kh8 21. Qd2 $17 (21. a3 Qa5 $15)
21... b4 22. Nb1 Qa5 23. b3 (23. Bg3 Qxa2 24. Be5 Bf8 $19) 23... Rac8 24. Kd1
cxb3 25. axb3 {Schwarz erhält starke Drohungen in der geöffneten c-Linie} Qa1
26. Qd3 Rc6 27. Ke1 Rec8 28. Kf1 $2 $19 (28. Bg3 $142 $5 $17) 28... Rc2 29. Kg2
Qa2 30. Rc1 1/2-1/2

[Event "LL A"]
[Site "?"]
[Date "1999.02.27"]
[Round "?"]
[White "Mikenda, Gerhard, Dr."]
[Black "Grundner, Alois"]
[Result "1-0"]
[WhiteElo "1990"]
[BlackElo "1896"]
[Annotator "Grundner,A"]
[PlyCount "83"]

1. d4 Nf6 2. c4 e6 3. Nf3 d5 4. Bg5 Be7 5. Nc3 Nbd7 6. e3 O-O 7. cxd5 exd5 8.
Bd3 c6 9. Qc2 b6 10. O-O Bb7 11. Rab1 Re8 12. b4 Ne4 13. Bxe4 dxe4 14. Nxe4 c5
15. Bxe7 Bxe4 16. Qxe4 Rxe7 17. Qd5 cxd4 18. Nxd4 Qe8 19. Rbc1 Nf6 20. Qc6 Qb8
21. h3 Ne4 22. Rc2 a5 23. a3 axb4 24. axb4 h6 25. Rfc1 Qa7 26. Qd5 Qb7 27. Qf5
Nd6 28. Qf4 Rd7 29. Rc6 Rad8 30. Qf3 Qa7 31. Qe2 Qb7 32. Qc2 Qb8 33. Rc3 Kf8
34. Nc6 Qa8 35. Nxd8 Rxd8 36. Rc6 Qb8 37. Rd1 Kg8 38. Rd4 g6 39. Qd3 Nb7 40.
Rxb6 Rc8 41. Rc4 Rd8 42. Rxb7 1-0

[Event "Landescup"]
[Site "?"]
[Date "2000.04.01"]
[Round "1"]
[White "Grundner, Alois"]
[Black "Mitteregger, Klaus"]
[Result "1-0"]
[WhiteElo "1851"]
[BlackElo "1800"]
[Annotator "Fritz 5.00 (40s)"]
[PlyCount "49"]

1. d4 Nf6 {Opening = D45 - Damengambit-Anti-Meraner Varian /Queen's
Gambit-Anti Meran} 2. c4 d5 3. Nc3 c6 4. Nf3 e6 5. e3 dxc4 6. Bxc4 Bd6 7. e4
Bb4 8. Qc2 Nbd7 9. O-O Qc7 10. Bd2 O-O 11. Rac1 Re8 12. e5 Bxc3 13. bxc3 Nd5
14. a4 f5 15. exf6 N7xf6 16. Ne5 Nb6 17. Bd3 c5 18. f4 cxd4 19. cxd4 Qxc2 20.
Rxc2 Nxa4 21. Bb5 Rd8 22. Bxa4 Rxd4 23. Bb3 Ne4 24. Be3 Rb4 (24... Rd8 $18) 25.
Rxc8+ (25. Rxc8+ Rxc8 26. Bxe6+ Kf8 27. Bxc8 $18) 1-0

[Event "Pinzgauer MS"]
[Site "?"]
[Date "1999.11.19"]
[Round "4"]
[White "Fraissl, Reinhard"]
[Black "Grundner, Alois"]
[Result "0-1"]
[WhiteElo "1500"]
[BlackElo "1922"]
[Annotator "Grundner,A"]
[PlyCount "92"]

1. d4 Nf6 2. c4 e6 3. Nc3 d5 4. Nf3 c6 {aus dem Buch} 5. e3 Nbd7 6. Bd3 Bd6 7.
c5 Bc7 8. O-O O-O ({-0.03 Fritz 5.00:} 8... e5 9. Be2 Qe7 10. b4 e4 11. Nd2 {
[%eval -38,9]}) 9. Qc2 b6 10. b4 a5 11. Qa4 ({-0.16 Fritz 5.00:} 11. cxb6 Bxb6
12. Ne5 Bb7 13. bxa5 Bxa5 14. Ba3 Re8 15. Bd6 Nxe5 {[%eval 28,8]}) 11... Bb7
12. b5 ({-0.53 Fritz 5.00:} 12. Rd1 axb4 13. Qxb4 Ba6 14. cxb6 Nxb6 15. Ba3 Re8
16. Bxa6 Rxa6 {[%eval -16,8]}) 12... cxb5 13. Bxb5 bxc5 14. Ba3 Bd6 15. Bxd7
Nxd7 16. Rab1 Ba6 17. Rfd1 Qc7 18. Nb5 ({-0.94 Fritz 5.00:} 18. e4 dxe4 19.
Nxe4 Be2 20. dxc5 Bxd1 21. cxd6 Qc2 22. Qxc2 Bxc2 {[%eval -56,8]}) 18... Bxb5
19. Rxb5 Rfb8 20. h3 Nb6 21. Qc2 cxd4 22. Qxc7 Bxc7 23. Nxd4 Nc4 24. Rxb8+ Rxb8
25. Bc5 Rb2 26. a3 Bd6 27. Bxd6 Nxd6 28. Rc1 Nc4 29. Nc6 h6 30. Ra1 ({-1.72
Fritz 5.00:} 30. e4 Kf8 31. exd5 exd5 32. a4 Rb6 33. Nd4 Rb4 34. Ra1 Rb2 {
[%eval -125,10]}) 30... a4 31. Nb4 Nxa3 32. Rxa3 Rxb4 33. Kf1 Kf8 34. Ra2 Ke7
35. Ke2 Kd6 36. Kd3 Kc5 37. Kd2 Kc4 38. Rc2+ Kb3 39. Rc3+ Ka2 40. Kc1 ({-7.72
Fritz 5.00:} 40. Kd1 {[%eval -334,10]}) 40... Rc4 41. Rxc4 dxc4 42. Kc2 e5 43.
e4 g6 44. g3 g5 45. f3 h5 46. h4 gxh4 0-1